| 000 | 00497nam a2200181Ia 4500 | ||
|---|---|---|---|
| 008 | 180921t2008 xxu||||| |||| 00| 0 sin d | ||
| 041 | _asin | ||
| 080 |
_a681.3 _bWIJ |
||
| 100 | _aWijerathna, N.P. | ||
| 245 | _aමයික්රොසොෆ්ට් ඔෆීස් ඇක්සස් | ||
| 246 | _aMicrosoft access | ||
| 260 |
_bAshirvada _aMirigama _c2008 |
||
| 300 | _a42p., 23 cm | ||
| 650 | _aComputer | ||
| 942 | _cBK | ||
| 999 |
_c17569 _d17569 |
||
| 003 | LK-CoDNM | ||
| 040 |
_aLK-CoDNM _dLK-CoDNM _eLK-CoDNM |
||